Weapons Materials Division.

Bibliographic Details
Corporate Author: U.S. Army Research Laboratory
Format: Government Document Book
Language:English
Published: [Adelphi, Md.] : [ARL], [1998?]
Subjects:

MARC

Tag First Indicator Second Indicator Subfields
LEADER 00000cam a2200000 a 4500
001 in00000001690
005 20151007050634.0
008 981110s1998 mdua f000 0 eng d
035 |a (OCoLC)40274884 
035 |9 AJC4190AM 
040 |a GPO  |c GPO  |d DLC  |d MvI  |d UtOrBLW 
043 |a n-us--- 
049 |a UDOC 
074 |a 0325 
086 0 |a D 101.2:L 11/4 
110 2 |a U.S. Army Research Laboratory. 
245 1 0 |a Weapons Materials Division. 
264 1 |a [Adelphi, Md.] :  |b [ARL],  |c [1998?] 
300 |a 11 unnumbered pages :  |b color illustrations ;  |c 22 cm. 
336 |a text  |b txt  |2 rdacontent 
337 |a unmediated  |b n  |2 rdamedia 
338 |a volume  |b nc  |2 rdacarrier 
500 |a Shipping list number: 99-0024-P. 
610 2 0 |a U.S. Army Research Laboratory.  |b Weapons Materials Division. 
999 |a MARS 
999 f f |s 7b5356d1-4aa9-37d4-9390-12f08004ae6f  |i 1dbc3d6c-2730-3b54-aeec-6baa49d29246  |t 0 
952 f f |p normal  |a Texas A&M University  |b College Station  |c Sterling C. Evans Library  |d Evans: US Documents (Annex 5th floor)  |t 0  |e D 101.2:L 11/4  |h Superintendent of Documents classification  |i unmediated -- volume  |m A14824399606 
998 f f |a D 101.2:L 11/4  |t 0  |l Evans: US Documents (Annex 5th floor)